000 00969nam a2200289Ia 4500
999 _c32553
_d32553
003 GCL
005 20240530102459.0
008 140319s9999 xx 000 0 ara d
040 _aGCL /
_cGCL
082 0 4 _a158.7
_bد س
100 1 _aديفيز ، كيث
245 1 0 _aالسلوك الانسانى فى العمل /
_cكيث ديفيز
250 _aالثانية
260 _aالقاهرة :
_bنهضة مصر للطباعة والنشر والتوزيع ،
_c1990
300 _a759 ص ؛
_c24 سم
650 0 4 _aالبيئة
650 0 4 _aالاجتماع
650 0 4 _aالسلوك الاجتماعى
650 0 4 _aالاتصال
650 0 4 _aعلم النفس الاجتماعى
650 0 4 _aالقيادة الادارية
650 0 4 _aالقيادة
650 0 4 _aالعلاقات الاجتماعية
700 1 _aسيد عبدالحميد مرسى (مترجم)
700 1 _aمحمد اسماعيل يوسف
942 _2ddc
_cBK